Library of the University of Algiers 3
Ibrahim Sultan Cheibout
شعار جامعة الجزائر 3
مكتبة جامعة الجزائر 3
إبراهيم سلطان شيبوط

مرشد المستشار في ادارة المواد : (رقم التسجيلة. 42855)

تفاصيل مارك
000 -LEADER
fixed length control field 01320nam a2200229Ia 4500
003 - CONTROL NUMBER IDENTIFIER
control field Ost
005 - DATE AND TIME OF LATEST TRANSACTION
control field 20260507075109.0
008 - FIXED-LENGTH DATA ELEMENTS--GENERAL INFORMATION
fixed length control field 260507s9999||||xx |||||||||||||| ||und||
040 ## - CATALOGING SOURCE
Transcribing agency fsecg
041 ## - LANGUAGE CODE
Language code of text/sound track or separate title ara
082 ## - DEWEY DECIMAL CLASSIFICATION NUMBER
Classification number 330
100 ## - MAIN ENTRY--PERSONAL NAME
Personal name محمد فوزي، الحاج خليل
Relator term مؤلف
245 #0 - TITLE STATEMENT
Title مرشد المستشار في ادارة المواد :
Remainder of title التخزين والشراء /
Statement of responsibility, etc. الحاج خليل محمد فوزي
260 ## - PUBLICATION, DISTRIBUTION, ETC.
Place of publication, distribution, etc. عمان:
Name of publisher, distributor, etc. المنظمة العربية للتنمية الادارية,
Date of publication, distribution, etc. 1990
300 ## - PHYSICAL DESCRIPTION
Extent 104 صفحة؛
Dimensions 23 سم
490 ## - SERIES STATEMENT
Series statement سلسلة ادارة البحوث والدراسات
520 ## - SUMMARY, ETC.
Summary, etc. فصل تمهيدي 1-معلومات أساسية 2- الشراء 3- التخزين 4- المواد الفائضة وغير الصالحة 5- النقل والتوزيع 6- العهد والجرد 7- محاسبة المخازن 8- المفهوم الحديث لادارة الحوار 9- دراسة مستندات ونماذج الشراء والتخزين 10-تدريب وتأهيل الموظفين 11-الرقابة الخارجية ملاحق بالدليل الأمريكي للمجموعات والفصول.، مراجع مختارة
653 ## - INDEX TERM--UNCONTROLLED
Uncontrolled term ادارة المواد
653 ## - INDEX TERM--UNCONTROLLED
Uncontrolled term التخزين
653 ## - INDEX TERM--UNCONTROLLED
Uncontrolled term شراء
942 ## - ADDED ENTRY ELEMENTS (KOHA)
Koha item type كتب
المقتنيات
Withdrawn status Lost status Source of classification or shelving scheme Damaged status Not for loan Home library Current library Date acquired Serial enumeration / chronology Inventory number Total checkouts Full call number Barcode Date last seen Price effective from Koha item type
    Dewey Decimal Classification   NOT LOAN / إعارة داخلية مكتبة كلية العلوم الإقتصادية والعلوم التجارية وعلوم التسيير مكتبة كلية العلوم الإقتصادية والعلوم التجارية وعلوم التسيير 07/05/2026 الطابق الأرضي 1437/1   أ/1437ن1 1437/1 07/05/2026 07/05/2026 كتب

موارد الويب المفتوحة


© University of Algiers 3 All Rights Reserved
|
Implemented by LECHELAH Riad